遊園地・テーマパークの最寄り駅 - Statistics

General Stats
  • This quiz has been taken 167 times
  • The average score is 23 of 50
Answer Stats
施設 駅名 % Correct
東京ディズニーリゾート 舞浜
93%
浅草花やしき 浅草
82%
東武動物公園 東武動物公園
81%
東京ドームシティ 後楽園
78%
よみうりランド 読売ランド前
74%
東京ドームシティ 水道橋
72%
富士急ハイランド 富士急ハイランド
72%
ハウステンボス ハウステンボス
70%
東武ワールドスクウェア 東武ワールドスクウェア
68%
USJ ユニバーサルシティ
67%
東映太秦映画村 太秦
64%
よみうりランド 京王よみうりランド
63%
天橋立ビューランド 天橋立
63%
姫路セントラルパーク 姫路
62%
東京ディズニーランド 東京ディズニーランド・ステーション
61%
東京ディズニーシー 東京ディズニーシー・ステーション
59%
東京ドームシティ 春日
59%
だざいふ遊園地 太宰府
59%
サンリオピューロランド 京王多摩センター
55%
アドベンチャーワールド 白浜
55%
スタジオツアー東京-ハリー・ポッター- 豊島園
54%
サンリオピューロランド 多摩センター
54%
サンリオピューロランド 小田急多摩センター
54%
かつやま恐竜の森 勝山
54%
レゴランド 金城ふ頭
52%
鈴鹿サーキットパーク 鈴鹿サーキット稲生
51%
東京ディズニーリゾート リゾートゲートウェイ・ステーション
50%
ひらかたパーク 枚方公園
49%
ムーミンバレーパーク 飯能
48%
よこはまコスモワールド みなとみらい
46%
よこはまコスモワールド 桜木町
44%
志摩スペイン村 鵜方
41%
あらかわ遊園 荒川遊園地前
40%
ブラジリアンパーク 児島
40%
ナガシマスパーランド 桑名
39%
ジブリパーク 愛・地球博記念公園
33%
鈴鹿サーキットパーク 白子
29%
東映太秦映画村 撮影所前
27%
東京ドイツ村 袖ヶ浦
25%
東京サマーランド 秋川
25%
ラクテンチ 別府
23%
城島高原パーク 別府
23%
東映太秦映画村 太秦広隆寺
18%
北海道グリーンランド 岩見沢
12%
妙高サンシャインランド 関山
12%
マイントピア別子 新居浜
10%
グリーンランドリゾート 大牟田
10%
グリーンランドリゾート 大牟田
8%
レオマリゾート 岡田
6%
みろくの里 松永
4%
No matching quizzes found
Score Distribution
Percent of People with Each Score
Percentile by Number Answered
Your Score History
You have not taken this quiz